| 000 | 00816nam a2200229Ii 4500 | ||
|---|---|---|---|
| 003 | JO-AjNU | ||
| 008 | 230605s9999||||xx |||||||||||||| ||und|| | ||
| 017 | _a40521/2007 | ||
| 020 | _a977-5677-52-1 | ||
| 040 |
_aJO-AjNU _bara _erda _cJO-AjNU |
||
| 041 | _aara | ||
| 050 | 1 | 4 | _aKZ6471.2009 |
| 100 | 3 |
_aهنكرتس، جون-ماري، م. مشارك لويز دوزوالد-بك-بك, _eauthor _964471 |
|
| 245 | 0 | 0 | _aالقانون الدولي الانساني العرفي: القواعد، مج1 |
| 250 | _aط1 | ||
| 264 | 3 | 1 | _aالقاهرة: اللجنة الدولية للصليب الاحمر، 2009 |
| 300 | _a541ص | ||
| 336 |
_atext _btxt _2rdacontent |
||
| 337 |
_aunmediated _bn _2rdamedia |
||
| 338 |
_avolume _bnc _2rdacarrier |
||
| 650 | 4 |
_aالقانون الدولي الانساني _964472 |
|
| 999 |
_aA29383 _c32951 _d32951 |
||